|
|
|
|
| LEADER |
01456nam a2200373 a 4500 |
| 001 |
nkc20112235443 |
| 003 |
CZ PrNK |
| 005 |
20241129163204.0 |
| 007 |
ta |
| 008 |
111006s2011 xr ac e 000 j eng |
| 015 |
|
|
|a cnb002235443
|
| 020 |
|
|
|a 978-80-86264-39-4
|q (váz.)
|z 978-808626439-4
|
| 035 |
|
|
|a (OCoLC)820693395
|
| 040 |
|
|
|a BOA001
|b cze
|d OLA001
|
| 041 |
1 |
|
|a eng
|h cze
|
| 072 |
|
7 |
|a 821.162.3-3
|x Česká próza
|2 Konspekt
|9 25
|
| 080 |
|
|
|a 821.162.3-32
|2 MRF
|
| 080 |
|
|
|a (0:82-32)
|2 MRF
|
| 100 |
1 |
|
|a Klíma, Ladislav,
|d 1878-1928
|7 jk01060531
|4 aut
|
| 240 |
1 |
0 |
|a Slavná Nemesis.
|l Anglicky
|7 aun2012687788
|
| 245 |
1 |
0 |
|a Glorious Nemesis /
|c Ladislav Klíma ; translated from the Czech by Marek Tomin ; illustrated by Pavel Růt
|
| 250 |
|
|
|a 1st ed.
|
| 260 |
|
|
|a Prague :
|b Twisted Spoon Press,
|c 2011
|
| 300 |
|
|
|a 123 s. :
|b il., 1 portrét ;
|c 19 cm
|
| 655 |
|
7 |
|a české povídky
|7 fd133971
|2 czenas
|
| 655 |
|
9 |
|a Czech short stories
|2 eczenas
|
| 700 |
1 |
|
|a Tomin, Marek,
|d 1969-
|7 mzk2006343219
|4 trl
|
| 856 |
4 |
1 |
|u http://www.digitalniknihovna.cz/mzk/uuid/uuid:68838640-5a47-11eb-9496-005056827e52
|y Digitalizovaný dokument
|x NDK
|
| 910 |
2 |
|
|a BOA001
|b 1-1282.102
|
| 990 |
|
|
|a BK
|
| 995 |
|
|
|a 01
|
| 991 |
|
|
|b 201203
|e b
|
| 996 |
6 |
|
|b 2610503660
|c 1-1282.102
|l MZK
|r Sklad / do 1 hodiny
|n 0
|p p.v.
|w 001229568
|u 000010
|a 1
|e BOA001
|j MZK50
|s P
|
| 996 |
7 |
|
|b 2610505683
|c 1-1282.102
|l MZK
|r Sklad / do 1 hodiny
|n 3
|p dar
|w 001229568
|u 000020
|a 1
|e BOA001
|j MZK50
|s A
|